Loading...

Green house management

Bibliographic Details
Main Author: Goldsberry, Kenneth R
Other Authors: Haran, Joe J, Holley, Winfred D
Format: Printed Book
Language:Undetermined
English
Published: U S A Springer-Verlag 1978
Subjects:
LEADER 00636nam a2200193Ia 4500
008 140306s9999 xx 000 0 und d
041 |a eng 
082 |a 635. 9823  |b HAN 
100 |a Goldsberry, Kenneth R 
245 |a Green house management 
260 |a U S A  |b Springer-Verlag  |c 1978 
300 |a 530 
440 |v Advanced series inagricultural sciences 5 
650 |a Green house management 
700 |a Haran, Joe J 
700 |a Holley, Winfred D 
942 |2 ddc  |c BK 
999 |c 67155  |d 67155 
952 |0 0  |1 0  |2 ddc  |4 0  |6 635__982300000000000_HAN  |7 0  |9 73501  |a KAUACV  |b KAUACV  |d 2004-05-27  |o 635. 9823 HAN  |p KAU_ACV-18462  |r 2014-03-22  |w 2014-03-22  |y BK